BIBLIOTHÈQUE DE LA MAISON DU MEXIQUE

Logo 1 Logo 2

Juan Guzmán (notice nᵒ 6698)

détails MARC
000 -Sello discográfico
campo de control de longitud fija 00944nam a2200301 4500
005 - Identificación de versión
campo de control 20251016083405.0
010 ## - Número Estándar Internacional de Libros (ISBN)
Número (ISBN) 970-35-0816-2
099 ## - fechas locales
Tipo de ítem Koha LIBRO
100 ## - Datos de procesamiento general
Datos de procesamiento general 20230731d2005 m y1spay5003 ba
105 ## - Campo de datos codificados: Material textual, monográfico
Datos codificados de monografía a 001zy
200 1# - Título y mención de responsabilidad
Título propio Juan Guzmán
Designación general del material texto impreso
Otra información del título una visión de la modernidad
Primer mención de responsabilidad Maricela González Cruz Manjarrez
205 ## - Declaración de edición
Declaración de edición 1a ed
210 ## - Publicación, distribución, etc.
Lugar de publicación, distribución, etc. México
Nombre del editor, distribuidor, etc. Consejo Nacional para la Cultura y las Artes
Fecha de publicación, distribución, etc. 2005
215 ## - Descripción física
Designación de material específico y extensión del ítem 29 p
Otras características físicas il.
Dimensiones 17 cm
345 ## - Nota de información de adquisición
Fuente de adquisición/dirección de la suscripción [OBSOLETO] Donación
410 #1 - Series
Título Círculo de arte
Nombre de parte o sección Fotografía
600 ## - Nombre personal usado como materia
Elemento de entrada Guzmán
Parte del nombre distinta del elemento de entrada Juan
Fechas 1911-1982
Número Koha 6121
606 ## - Término temático usado como materia
Elemento de entrada Fotógrafos mexicanos
Número Koha 1779
660 ## - Código de área geográfica
Código MX
700 ## - Nombre personal - Responsabilidad primaria
Elemento de entrada González Cruz Manjarrez
Parte del nombre distinta del elemento de entrada Maricela del Rosario
Número Koha 2916
801 #0 - Fuente de origen
País FR
Agencia cm
Reglas de catalogación (convenciones descriptivas) AFNOR
900 ## -
-- 1/22258
900 ## -
-- 7100417642\080104
942 ## - ELEMENTOS DE ENTRADA SECUNDARIOS (KOHA)
Tipo de ítem Koha Livre
996 ## -
-- MEX
-- 751145101
-- MMAG
-- 008342
-- 704.9 C571 V.89
-- 20230731LIV
Exemplaires
Estatus retirado Estado de daño Estado de pérdida Fecha de adquisición Biblioteca de origen Biblioteca actual Ubicación en estantería Código de barras Precio de reemplazo Signatura topográfica completa No para préstamo Tipo de ítem Koha Nota pública Nota no pública
      05/08/2025 Casa México Paris Casa México Paris   008342 05/08/2025 704.9 C571 V.89   Livre 20230731LIV 751145101